书目信息 |
| 题名: |
奇妙的日食与月食现象
|
|
| 作者: | 张法坤 主编 | |
| 分册: | ||
| 出版信息: | 长春 北方妇女儿童出版社 2021.3 |
|
| 页数: | 184页 | |
| 开本: | 23cm | |
| 丛书名: | 畅游天文世界 | |
| 单 册: | ||
| 中图分类: | P125.1 | |
| 科图分类: | ||
| 主题词: | 日食--普及读物 , 月食--普及读物 | |
| 电子资源: | ||
| ISBN: | 978-7-5385-7044-1 | |
| 000 | 01016nam2 2200289 45 | |
| 001 | 012001001984 | |
| 005 | 20211101090047.95 | |
| 010 | @a978-7-5385-7044-1@dCNY23.80 | |
| 100 | @a20140220d2013 cd y0chiy0110 ea | |
| 101 | 0 | @achi |
| 102 | @aCN@b220000 | |
| 105 | @aa z 000yy | |
| 106 | @ar | |
| 200 | 1 | @a奇妙的日食与月食现象@f张法坤主编@AQi Miao De Ri Shi Yu Yue Shi Xian Xiang |
| 210 | @a长春@c北方妇女儿童出版社@d2021.3 | |
| 215 | @a184页@c图@d23cm | |
| 225 | 2 | @a畅游天文世界 |
| 330 | @a日食和月食都是天文学中一种有趣的现象,但它们究竟是怎么发生的,还是有很多青少年读者不是很清楚,《奇妙的日食与月食现象》这本书向广大青少年读者介绍了有关日食和月食来历方面的相关知识。为阅读者展示了一个充满魅力的太空世界。 | |
| 410 | 0 | @12001 @a畅游天文世界 |
| 461 | 0 | @12001 @a畅游天文世界 |
| 606 | 0 | @a日食@j普及读物 |
| 606 | 0 | @a月食@j普及读物 |
| 690 | @aP125.1@v5 | |
| 701 | 0 | @a张法坤@4主编@Azhang fa kun |
| 801 | 0 | @aCN@bBJSDL@c20211011 |
| 830 | @aShaoErDuWu | |
| 905 | @b1337986-8@dP125.1@e369@f3 | |
| 奇妙的日食与月食现象/张法坤主编.-长春:北方妇女儿童出版社,2021.3 |
| 184页:图;23cm.-(畅游天文世界) |
| ISBN 978-7-5385-7044-1:CNY23.80 |
| 日食和月食都是天文学中一种有趣的现象,但它们究竟是怎么发生的,还是有很多青少年读者不是很清楚,《奇妙的日食与月食现象》这本书向广大青少年读者介绍了有关日食和月食来历方面的相关知识。为阅读者展示了一个充满魅力的太空世界。 |
| ● |
| 相关链接 |
|
|
|
|
正题名:奇妙的日食与月食现象
索取号:P125.1/369
 
预约/预借
| 序号 | 登录号 | 条形码 | 馆藏地/架位号 | 状态 | 备注 |
| 1 | 1337986 | 213379869 | 第二样本阅览室/ [索取号:P125.1/369] | 在馆 | |
| 2 | 1337987 | 213379878 | 第三借阅区/ [索取号:P125.1/369] | 在馆 | |
| 3 | 1337988 | 213379887 | 第三借阅区/ [索取号:P125.1/369] | 在馆 |